000 00689nam a2200205Ii 4500
003 JO-AjNU
008 230605s9999||||xx |||||||||||||| ||und||
040 _aJO-AjNU
_bara
_erda
_cJO-AjNU
041 _aara
050 1 4 _aK3400.1970
100 3 _a مهنا ، محمد فؤاد ,
_eauthor
_940479
245 0 0 _aمبادئ وأحكام القانون الأداري في جمهورية مصر العربية
250 _a(د،ط)
264 3 1 _aالقاهرة : مؤسسة شباب الجامعة ، 1973
300 _a837ص
336 _atext
_btxt
_2rdacontent
337 _aunmediated
_bn
_2rdamedia
338 _avolume
_bnc
_2rdacarrier
650 4 _aقانون اداري
_940480
999 _aA17182
_c20750
_d20750